[Event "Warsaw Maciei Memorial"]
[Site "Warsaw"]
[Date "2025.07.07"]
[Round "2"]
[White "Kanarek, Marcel"]
[Black "Fiszer, Bartosz"]
[Result "1-0"]
[WhiteElo "2478"]
[BlackElo "2332"]
[PlyCount "181"]
[EventDate "2025.07.07"]
[EventType "swiss (blitz)"]
[EventRounds "11"]
[EventCountry "POL"]
[SourceTitle "CB28_2025"]
[SourceDate "2025.07.09"]
[SourceVersion "1"]
[SourceVersionDate "2025.07.09"]
[SourceQuality "1"]

1. e4 c5 2. Nf3 d6 3. d4 cxd4 4. Nxd4 Nf6 5. Nc3 Nc6 6. Bg5 Qb6 7. Nb3 Be6 8. Bxf6 gxf6 9. Nd5 Bxd5 10. exd5 Ne5 11. Qd4 Qxd4 12. Nxd4 Rc8 13. f4 Nc4 14. Bxc4 Rxc4 15. 0-0-0 h5 16. b3 Rc5 17. c4 Kd7 18. Rde1 h4 19. Rhg1 Rh5 20. Kd2 Bh6 21. g3 hxg3 22. hxg3 Rh2+ 23. Re2 Rxe2+ 24. Kxe2 e5 25. Nf5 Bf8 26. a4 a6 27. Rh1 b5 28. axb5 axb5 29. Rh8 Be7 30. Kd3 bxc4+ 31. bxc4 Ra5 32. Rh7 Ke8 33. Rh8+ Kd7 34. Rb8 Ra7 35. Kc3 Ra3+ 36. Rb3 Ra7 37. Kd3 Rc7 38. Rb5 Bf8 39. Rb8 Be7 40. Rb6 Bf8 41. Ra6 Be7 42. Kc3 Bf8 43. Kb4 Rb7+ 44. Ka5 Be7 45. Ka4 Rc7 46. Kb5 Rc5+ 47. Kb4 Rc7 48. Rb6 Ra7 49. Rb5 Rc7 50. Ra5 Rb7+ 51. Kc3 Rc7 52. Ra6 Bf8 53. Kd3 Be7 54. c5 dxc5 55. d6 Bxd6 56. Rxd6+ Ke8 57. Rxf6 exf4 58. gxf4 c4+ 59. Kc3 Rc5 60. Ne3 Ke7 61. Rf5 Rc8 62. Re5+ Kf6 63. Nd5+ Kg7 64. Rg5+ Kh6 65. Ne3 Re8 66. Nf5+ Kh7 67. Rg7+ Kh8 68. Rxf7 Re4 69. Nd6 Re6 70. Nxc4 Kg8 71. Rf5 Kg7 72. Kd4 Re1 73. Ne3 Kg6 74. Rg5+ Kf6 75. Ke4 Re2 76. Kf3 Re1 77. Ng4+ Kf7 78. Ra5 Rb1 79. Ra6 Rb3+ 80. Ke4 Ke7 81. Ne5 Rh3 82. Kf5 Rh5+ 83. Kg6 Rh4 84. Kg5 Rh1 85. Ng6+ Kf7 86. Ra7+ Kg8 87. Ne5 Kf8 88. Kf6 Rh6+ 89. Ng6+ Ke8 90. Re7+ Kd8 91. Re1 1-0

[Event "Warsaw Maciei Memorial"]
[Site "Warsaw"]
[Date "2025.07.07"]
[Round "11"]
[White "Malisauskas, Vidmantas"]
[Black "Fiszer, Bartosz"]
[Result "0-1"]
[WhiteElo "2335"]
[BlackElo "2332"]
[PlyCount "69"]
[EventDate "2025.07.07"]
[EventType "swiss (blitz)"]
[EventRounds "11"]
[EventCountry "POL"]
[SourceTitle "CB28_2025"]
[SourceDate "2025.07.09"]
[SourceVersion "1"]
[SourceVersionDate "2025.07.09"]
[SourceQuality "1"]

1. e4 c5 2. Nf3 d6 3. d4 cxd4 4. Nxd4 Nf6 5. Nc3 Nc6 6. Bg5 e6 7. Qd2 a6 8. 0-0-0 Bd7 9. f4 b5 10. Bxf6 gxf6 11. Kb1 b4 12. Nce2 Qb6 13. g3 Rc8 14. Bg2 Na5 15. b3 h5 16. h4 Nb7 17. Rhf1 Bh6 18. Qd3 Nc5 19. Qf3 Bf8 20. Nc1 a5 21. Nd3 a4 22. Nxc5 dxc5 23. Ne2 c4 24. bxc4 Rxc4 25. Qd3 Rc7 26. Qd4 Qxd4 27. Nxd4 Rg8 28. Rf3 Bc5 29. Bf1 Ke7 30. Be2 Rd8 31. Rfd3 Rh8 32. R3d2 Rg8 33. Bxh5 Rxg3 34. Be2 Rg2 35. Bf1 0-1

[Event "Warsaw Maciei Memorial"]
[Site "Warsaw"]
[Date "2025.07.07"]
[Round "6"]
[White "Rudnev, Andrei"]
[Black "Fiszer, Bartosz"]
[Result "1-0"]
[WhiteElo "1937"]
[BlackElo "2332"]
[PlyCount "51"]
[EventDate "2025.07.07"]
[EventType "swiss (blitz)"]
[EventRounds "11"]
[EventCountry "POL"]
[SourceTitle "CB28_2025"]
[SourceDate "2025.07.09"]
[SourceVersion "1"]
[SourceVersionDate "2025.07.09"]
[SourceQuality "1"]

1. e4 e6 2. d3 d5 3. Nd2 c5 4. Ngf3 Nc6 5. g3 g6 6. Bg2 Bg7 7. 0-0 Nge7 8. Re1 0-0 9. h4 h6 10. e5 Qc7 11. Qe2 b6 12. Nf1 Bb7 13. N1h2 Nd4 14. Nxd4 cxd4 15. Bf4 Rac8 16. Rac1 Kh7 17. Ng4 Qc5 18. Qd2 Nf5 19. Nf6+ Bxf6 20. exf6 h5 21. Bh3 Rfe8 22. Bxf5 exf5 23. Rxe8 Rxe8 24. Bh6 Qd6 25. Qg5 f4 26. Bg7 1-0

[Event "POL-chT U20"]
[Site "Chotowa"]
[Date "2025.06.22"]
[Round "9.25"]
[White "Fiszer, Bartosz"]
[Black "Rekuc, Patryk"]
[Result "1-0"]
[WhiteElo "2309"]
[BlackElo "2224"]
[PlyCount "79"]
[EventDate "2025.06.14"]
[EventType "team-tourn"]
[EventRounds "9"]
[EventCountry "POL"]
[SourceTitle "CB27_2025"]
[SourceDate "2025.07.02"]
[SourceVersion "1"]
[SourceVersionDate "2025.07.02"]
[SourceQuality "1"]
[WhiteTeam "Warszawa Polonia"]
[BlackTeam "Bialystok Stoczek 45"]
[WhiteTeamCountry "POL"]
[BlackTeamCountry "POL"]

1. e4 c5 2. Nf3 d6 3. Bb5+ Nd7 4. d4 a6 5. Bxd7+ Bxd7 6. dxc5 dxc5 7. Nc3 e6 8. Bf4 Qb6 9. Qd2 Be7 10. 0-0-0 Bc6 11. Ne5 Rd8 12. Qe3 Rd4 13. Qg3 Kf8 14. Nf3 Nf6 15. Bc7 Qb4 16. a3 Qc4 17. Nd2 Rxd2 18. Rxd2 Nxe4 19. Nxe4 Qxe4 20. Rhd1 Bd5 21. Bd6 g6 22. f3 Qf5 23. Bxe7+ Kxe7 24. Qc7+ Kf8 25. Qxc5+ Kg7 26. c4 Bc6 27. Qxf5 gxf5 28. Kc2 Kf6 29. Kc3 Rg8 30. b4 f4 31. Rb1 Rg5 32. Ra2 Re5 33. a4 Re3+ 34. Kd2 Bd7 35. b5 axb5 36. cxb5 e5 37. a5 Bf5 38. Rbb2 Rd3+ 39. Ke1 e4 40. a6 1-0

[Event "Warsaw Independence Rapid op"]
[Site "Warsaw"]
[Date "2024.11.11"]
[Round "4"]
[White "Bartodziej, Bartosz"]
[Black "Fiszer, Bartosz"]
[Result "0-1"]
[WhiteElo "2115"]
[BlackElo "2342"]
[PlyCount "46"]
[EventDate "2024.11.11"]
[EventType "swiss (rapid)"]
[EventRounds "9"]
[EventCountry "POL"]
[SourceTitle "CB47_2024"]
[SourceDate "2024.11.20"]
[SourceVersion "1"]
[SourceVersionDate "2024.11.20"]
[SourceQuality "1"]

1. e4 c5 2. Nf3 d6 3. d4 cxd4 4. Nxd4 Nf6 5. Nc3 Nc6 6. Bg5 e6 7. Qd2 a6 8. 0-0-0 Bd7 9. f4 b5 10. f5 b4 11. fxe6 fxe6 12. Bxf6 bxc3 13. Qxc3 Qxf6 14. Bc4 Nxd4 15. Rxd4 Be7 16. Rf1 Qg5+ 17. Rd2 Bf6 18. Qb3 0-0 19. Rf5 Qh6 20. Bxe6+ Bxe6 21. Qxe6+ Kh8 22. Qxd6 Rad8 23. Qxd8 Rxd8 0-1

[Event "Warsaw Independence Rapid op"]
[Site "Warsaw"]
[Date "2024.11.11"]
[Round "7"]
[White "Fiszer, Bartosz"]
[Black "Kashlinskaya, Alina"]
[Result "1/2-1/2"]
[WhiteElo "2342"]
[BlackElo "2493"]
[PlyCount "107"]
[EventDate "2024.11.11"]
[EventType "swiss (rapid)"]
[EventRounds "9"]
[EventCountry "POL"]
[SourceTitle "CB47_2024"]
[SourceDate "2024.11.20"]
[SourceVersion "1"]
[SourceVersionDate "2024.11.20"]
[SourceQuality "1"]

1. Nf3 Nf6 2. g3 g6 3. b3 Bg7 4. Bb2 c5 5. c4 d6 6. d4 Ne4 7. Bg2 Qa5+ 8. Nbd2 Nc6 9. e3 0-0 10. 0-0 Nxd2 11. Nxd2 cxd4 12. Bxc6 dxe3 13. Bxg7 Kxg7 14. Ne4 exf2+ 15. Rxf2 bxc6 16. Qd4+ Qe5 17. Qxe5+ dxe5 18. Rd2 f5 19. Nc5 e4 20. Kf2 a5 21. Rad1 Kf6 22. Ke3 Ke5 23. Rd8 Be6 24. Rxf8 Rxf8 25. Rd7 g5 26. Rxe7 f4+ 27. gxf4+ gxf4+ 28. Ke2 f3+ 29. Kf2 e3+ 30. Kxe3 Kd6 31. Rxe6+ Kxc5 32. Kf2 a4 33. bxa4 Ra8 34. Kxf3 Rxa4 35. Rh6 Rxa2 36. Rxh7 Kxc4 37. h4 c5 38. h5 Rh2 39. h6 Kc3 40. Rc7 c4 41. h7 Kd3 42. Rd7+ Kc2 43. Ke3 c3 44. Rc7 Kb2 45. Kd3 Rh3+ 46. Ke2 c2 47. Rb7+ Ka2 48. Kd2 Rh2+ 49. Kc1 Ka3 50. Rc7 Kb3 51. Rb7+ Kc3 52. Rc7+ Kd3 53. Rd7+ Ke4 54. Rc7 1/2-1/2

[Event "Warsaw Najdorf Memorial op-A"]
[Site "Warsaw"]
[Date "2024.07.12"]
[Round "4"]
[White "Fiszer, Bartosz"]
[Black "Sengupta, Deep"]
[Result "0-1"]
[WhiteElo "2335"]
[BlackElo "2491"]
[PlyCount "94"]
[EventDate "2024.07.09"]
[EventType "swiss"]
[EventRounds "9"]
[EventCountry "POL"]
[SourceTitle "EXT 2025"]
[Source "ChessBase"]
[SourceDate "2024.10.14"]
[SourceVersion "1"]
[SourceVersionDate "2024.10.14"]
[SourceQuality "1"]

1. e4 e5 2. Nf3 Nc6 3. Bb5 a6 4. Ba4 Nge7 5. c3 Ng6 6. 0-0 d5 7. d4 dxe4 8. Nxe5 Ngxe5 9. dxe5 Qxd1 10. Rxd1 Bd7 11. Bc2 Nxe5 12. Bf4 Bd6 13. Bxe4 0-0-0 14. Nd2 Rhe8 15. Bg3 f5 16. Bc2 g6 17. Bh4 Be7 18. Bxe7 Rxe7 19. Re1 Bb5 20. Nb3 Rde8 21. Rec1 Nc4 22. h4 Nxb2 23. Nd4 Ba4 24. Rab1 Bxc2 25. Rxb2 Be4 26. f3 Bd5 27. Kf2 Bc4 28. Kg3 c5 29. Nb3 Re2 30. Rcb1 b6 31. Kf4 Kc7 32. Kg5 a5 33. Kh6 a4 34. Nc1 R2e6 35. Rd2 a3 36. Nb3 R8e7 37. Rbd1 Re3 38. Rc2 Kc6 39. Rd8 Re2 40. Rcd2 Bxb3 41. axb3 Rxd2 42. Rxd2 Ra7 43. Rd1 c4 44. bxc4 Kc5 45. g4 fxg4 46. fxg4 Kxc4 47. g5 a2 0-1

[Event "Warsaw Maciei Memorial Blitz"]
[Site "Warsaw"]
[Date "2024.07.08"]
[Round "7"]
[White "Binkowska, Agata"]
[Black "Fiszer, Bartosz"]
[Result "0-1"]
[WhiteElo "1898"]
[BlackElo "2335"]
[PlyCount "78"]
[EventDate "2024.07.08"]
[EventType "swiss (blitz)"]
[EventRounds "11"]
[EventCountry "POL"]
[SourceTitle "CBM 221 Extra"]
[Source "ChessBase"]
[SourceDate "2024.09.30"]
[SourceVersion "1"]
[SourceVersionDate "2024.09.30"]
[SourceQuality "1"]

1. e4 c5 2. Nf3 d6 3. d4 cxd4 4. Nxd4 Nf6 5. Nc3 Nc6 6. Bg5 e6 7. Qd2 a6 8. f4 Bd7 9. 0-0-0 b5 10. Nxc6 Bxc6 11. e5 dxe5 12. Qe1 Qc7 13. fxe5 Nd7 14. Bf4 Be7 15. Qg3 g5 16. Be3 Qxe5 17. Qf2 Bc5 18. Bxc5 Qxc5 19. Qg3 b4 20. Nb1 Rc8 21. Bd3 Ne5 22. Nd2 Nxd3+ 23. Qxd3 Bb5 24. Qe4 Qf5 25. Qxf5 exf5 26. Rhe1+ Kf8 27. Nf3 f6 28. Nd4 Bd7 29. Nf3 Rc7 30. Rd6 Kf7 31. Rxa6 Rhc8 32. Nd4 Rc4 33. Rd1 Kg6 34. b3 R4c5 35. Rd2 f4 36. Nf3 Bf5 37. Nd4 Be4 38. Kb2 Rd5 39. Nf3 Bxf3 0-1

[Event "Warsaw Maciei Memorial Blitz"]
[Site "Warsaw"]
[Date "2024.07.08"]
[Round "3"]
[White "Fiszer, Bartosz"]
[Black "Ishvi, Aggarwal"]
[Result "1/2-1/2"]
[WhiteElo "2335"]
[BlackElo "1958"]
[PlyCount "97"]
[EventDate "2024.07.08"]
[EventType "swiss (blitz)"]
[EventRounds "11"]
[EventCountry "POL"]
[SourceTitle "CBM 221 Extra"]
[Source "ChessBase"]
[SourceDate "2024.09.30"]
[SourceVersion "1"]
[SourceVersionDate "2024.09.30"]
[SourceQuality "1"]

1. Nf3 Nf6 2. g3 d5 3. c4 e6 4. Qc2 dxc4 5. Bg2 Nbd7 6. Qxc4 a6 7. Qc2 c5 8. 0-0 Nd5 9. Nc3 Be7 10. Nxd5 exd5 11. d4 0-0 12. dxc5 Nxc5 13. Be3 b6 14. Rfd1 Bb7 15. Rac1 Rc8 16. b4 Ne6 17. Qb3 Rxc1 18. Rxc1 d4 19. Bd2 Bd5 20. Qd3 Bf6 21. Qxa6 Qa8 22. b5 d3 23. Qxa8 Rxa8 24. exd3 h6 25. Be3 Rxa2 26. Nd2 Bxg2 27. Kxg2 Rb2 28. Rb1 Rxb1 29. Nxb1 Bd4 30. Na3 f6 31. Nc4 Kf7 32. Nxb6 Bxe3 33. fxe3 Nc7 34. Kf3 Nxb5 35. Nc4 Ke6 36. Nd2 g5 37. Kg4 Kf7 38. Nf3 Kg6 39. Nd4 h5+ 40. Kf3 Nd6 41. e4 Nf7 42. Ne2 Ne5+ 43. Ke3 Ng4+ 44. Kd4 Nxh2 45. Ke3 Ng4+ 46. Kf3 Ne5+ 47. Ke3 Ng4+ 48. Kf3 Ne5+ 49. Ke3 1/2-1/2

[Event "POL-ch Rapid U18"]
[Site "Bydgoszcz"]
[Date "2023.08.29"]
[Round "2"]
[White "Fiszer, Bartosz"]
[Black "Jaworski, Tymon"]
[Result "1/2-1/2"]
[WhiteElo "2077"]
[BlackElo "1749"]
[PlyCount "81"]
[EventDate "2023.08.28"]
[EventType "swiss"]
[EventRounds "11"]
[EventCountry "POL"]
[SourceTitle "CBM 216 Extra"]
[Source "ChessBase"]
[SourceDate "2023.11.30"]
[SourceVersion "1"]
[SourceVersionDate "2023.11.30"]
[SourceQuality "1"]

1. e4 e5 2. c4 c5 3. g3 g6 4. Bg2 Bg7 5. Ne2 Ne7 6. 0-0 0-0 7. Nbc3 Nbc6 8. d3 d6 9. f4 Be6 10. Nd5 f5 11. fxe5 dxe5 12. Be3 Nd4 13. Nxd4 cxd4 14. Bg5 Bxd5 15. exd5 h6 16. Bd2 Qd7 17. Qb3 Kh7 18. c5 Rfe8 19. Rac1 Rac8 20. Rfe1 Red8 21. Ba5 Rf8 22. Qc4 f4 23. gxf4 exf4 24. Rf1 Qg4 25. h3 Qg5 26. Rf3 Qxd5 27. Qxd5 Nxd5 28. Rf2 Rf5 29. Be4 Rg5+ 30. Rg2 Rxg2+ 31. Bxg2 b6 32. Bxd5 bxa5 33. c6 Rc7 34. Rc5 h5 35. Be4 Kh6 36. Kg2 g5 37. Kf3 Bf6 38. Rxa5 Kg7 39. Rb5 Kf7 40. h4 gxh4 41. Rxh5 1/2-1/2

[Event "POL-ch Rapid U18"]
[Site "Bydgoszcz"]
[Date "2023.08.29"]
[Round "6"]
[White "Fiszer, Bartosz"]
[Black "Ptaszynski, Szymon"]
[Result "1-0"]
[WhiteElo "2077"]
[BlackElo "1788"]
[PlyCount "99"]
[EventDate "2023.08.28"]
[EventType "swiss"]
[EventRounds "11"]
[EventCountry "POL"]
[SourceTitle "CBM 216 Extra"]
[Source "ChessBase"]
[SourceDate "2023.11.30"]
[SourceVersion "1"]
[SourceVersionDate "2023.11.30"]
[SourceQuality "1"]

1. e4 e5 2. c4 c5 3. g3 Nc6 4. Bg2 g6 5. Ne2 Bg7 6. 0-0 Nge7 7. f4 d6 8. Nbc3 Nd4 9. d3 0-0 10. Nxd4 cxd4 11. Nd5 Nxd5 12. exd5 f6 13. b4 b6 14. Ba3 Re8 15. fxe5 fxe5 16. c5 Bb7 17. Qb3 Bf8 18. c6 Bc8 19. Rac1 Qc7 20. b5 Be7 21. Rc2 Rf8 22. Rxf8+ Bxf8 23. Bc1 Be7 24. Rf2 Bf5 25. Qd1 Rf8 26. Bh6 Rf7 27. Qf1 Bd8 28. Bh3 Bxh3 29. Qxh3 Rxf2 30. Kxf2 Qf7+ 31. Kg1 Qf5 32. Qxf5 gxf5 33. Bg5 Bc7 34. Kf2 Kf7 35. Kf3 Kg6 36. Be7 Kf7 37. Bh4 h5 38. h3 Ke8 39. g4 hxg4+ 40. hxg4 fxg4+ 41. Kxg4 Bd8 42. Bg3 Be7 43. Kf5 Kd8 44. Ke6 Bf8 45. Bh4+ Kc7 46. Bg5 e4 47. Kf7 Bh6 48. Bxh6 e3 49. Ke6 e2 50. Bd2 1-0

[Event "POL-ch Rapid U18"]
[Site "Bydgoszcz"]
[Date "2023.08.29"]
[Round "1"]
[White "Wisniewski, Wiktor"]
[Black "Fiszer, Bartosz"]
[Result "0-1"]
[WhiteElo "1484"]
[BlackElo "2077"]
[PlyCount "72"]
[EventDate "2023.08.28"]
[EventType "swiss"]
[EventRounds "11"]
[EventCountry "POL"]
[SourceTitle "CBM 216 Extra"]
[Source "ChessBase"]
[SourceDate "2023.11.30"]
[SourceVersion "1"]
[SourceVersionDate "2023.11.30"]
[SourceQuality "1"]

1. b3 Nf6 2. Bb2 g6 3. e3 Bg7 4. Nf3 0-0 5. Be2 d6 6. h3 e5 7. 0-0 Nc6 8. d4 exd4 9. Nxd4 Nxd4 10. Bxd4 Re8 11. Bf3 c6 12. Nd2 Be6 13. Ne4 Nxe4 14. Bxg7 Kxg7 15. Bxe4 Bxh3 16. Qd4+ Qf6 17. Qxf6+ Kxf6 18. Bxc6 bxc6 19. gxh3 Re4 20. Rfd1 d5 21. Kg2 g5 22. c4 dxc4 23. Rd6+ Re6 24. Rxe6+ Kxe6 25. bxc4 Rb8 26. Rd1 Ke7 27. Rd2 Rb4 28. Rc2 Kd6 29. Rd2+ Ke7 30. Rd4 Ra4 31. c5 Rxd4 32. exd4 Ke6 33. Kf3 Kd5 34. Ke3 h5 35. f3 f5 36. Kd3 g4 0-1

[Event "Warsaw Najdorf Memorial op-A 20th"]
[Site "Warsaw"]
[Date "2023.07.15"]
[Round "5"]
[White "Wojtaszewski, Piotr"]
[Black "Fiszer, Bartosz"]
[Result "0-1"]
[WhiteElo "1994"]
[BlackElo "2194"]
[PlyCount "96"]
[EventDate "2023.07.11"]
[EventType "swiss"]
[EventRounds "9"]
[EventCountry "POL"]
[SourceTitle "EXT 2024"]
[Source "ChessBase"]
[SourceDate "2023.10.10"]
[SourceVersion "1"]
[SourceVersionDate "2023.10.10"]
[SourceQuality "1"]

1. c4 Nf6 2. g3 g6 3. Bg2 Bg7 4. e4 d6 5. Ne2 c5 6. Nbc3 Nc6 7. d3 a6 8. 0-0 0-0 9. h3 Rb8 10. Be3 b5 11. Rb1 b4 12. Nd5 Nd7 13. Bc1 e6 14. Ne3 Qa5 15. b3 Qxa2 16. Bb2 Bxb2 17. Qc2 Nd4 18. Rxb2 Nxc2 19. Rxa2 Nd4 20. Rb1 Nxe2+ 21. Rxe2 Ne5 22. Nc2 Nc6 23. f4 e5 24. f5 a5 25. Ra1 Ra8 26. Ne3 Nd4 27. Rb2 Ra7 28. Nc2 Nxc2 29. Rxc2 Bd7 30. Rca2 Rfa8 31. Bf3 a4 32. fxg6 axb3 33. gxf7+ Kxf7 34. Bh5+ Ke7 35. Rxa7 Rxa7 36. Rb1 Ra3 37. Kf2 Ra2+ 38. Ke3 b2 39. Be2 Bxh3 40. g4 Kf6 41. Kf3 Kg5 42. Kg3 Bxg4 43. Bxg4 Ra1 44. Rxb2 Rg1+ 45. Kf3 Rxg4 46. Ra2 Rf4+ 47. Ke3 h5 48. Ra8 Rf6 0-1

[Event "Warsaw Najdorf Memorial op-A 20th"]
[Site "Warsaw"]
[Date "2023.07.11"]
[Round "1"]
[White "Lecki, Leonard"]
[Black "Fiszer, Bartosz"]
[Result "0-1"]
[WhiteElo "1995"]
[BlackElo "2194"]
[PlyCount "72"]
[EventDate "2023.07.11"]
[EventType "swiss"]
[EventRounds "9"]
[EventCountry "POL"]
[SourceTitle "EXT 2024"]
[Source "ChessBase"]
[SourceDate "2023.10.10"]
[SourceVersion "1"]
[SourceVersionDate "2023.10.10"]
[SourceQuality "1"]

1. e4 c5 2. Nf3 Nc6 3. d4 cxd4 4. Nxd4 Nf6 5. Nc3 d6 6. Be2 g6 7. Be3 Bg7 8. 0-0 0-0 9. Nb3 Be6 10. f4 Qc8 11. Kh1 Rd8 12. Bf3 Bc4 13. Rf2 b5 14. Rd2 b4 15. Nd5 Nd7 16. Nd4 Bxd5 17. exd5 Nxd4 18. Bxd4 Qb7 19. Re2 Re8 20. Bxg7 Kxg7 21. Qd4+ Nf6 22. Rae1 Rac8 23. g4 Qb6 24. Qxb6 axb6 25. Rxe7 Rxe7 26. Rxe7 Rxc2 27. g5 Ng8 28. Rb7 Rf2 29. Bg2 Rxb2 30. Bh3 Rf2 31. Rxb6 Ne7 32. Rxd6 Rxa2 33. f5 gxf5 34. Rd7 Ng6 35. Bxf5 Nh4 36. g6 Ra1+ 0-1

[Event "Warsaw Maciei Memorial"]
[Site "Warsaw"]
[Date "2023.07.10"]
[Round "11"]
[White "Kiolbasa, Oliwia"]
[Black "Fiszer, Bartosz"]
[Result "1-0"]
[WhiteElo "2394"]
[BlackElo "2194"]
[PlyCount "48"]
[EventDate "2023.07.10"]
[EventType "swiss (blitz)"]
[EventRounds "11"]
[EventCountry "POL"]
[SourceTitle "CBM 215 Extra"]
[Source "ChessBase"]
[SourceDate "2023.09.30"]
[SourceVersion "1"]
[SourceVersionDate "2023.09.30"]
[SourceQuality "1"]

1. e4 c5 2. Nf3 d6 3. d4 cxd4 4. Nxd4 Nf6 5. Nc3 Nc6 6. Bb5 Bd7 7. Bg5 e6 8. Qd3 Be7 9. 0-0-0 a6 10. Bxc6 bxc6 11. Nb3 d5 12. e5 Ng8 13. Bxe7 Qxe7 14. Qg3 f6 15. Na4 fxe5 16. Qxe5 Nf6 17. Nbc5 0-0 18. f3 Rad8 19. Rhe1 Rfe8 20. Nxa6 Ra8 21. N6c5 Bc8 22. b3 Nd7 23. Qxe6+ Qxe6 24. Nxe6 Re7 1-0

[Event "Warsaw Maciei Memorial"]
[Site "Warsaw"]
[Date "2023.07.10"]
[Round "1"]
[White "Okruch, Jaroslaw"]
[Black "Fiszer, Bartosz"]
[Result "0-1"]
[WhiteElo "1417"]
[BlackElo "2194"]
[PlyCount "67"]
[EventDate "2023.07.10"]
[EventType "swiss (blitz)"]
[EventRounds "11"]
[EventCountry "POL"]
[SourceTitle "CBM 215 Extra"]
[Source "ChessBase"]
[SourceDate "2023.09.30"]
[SourceVersion "1"]
[SourceVersionDate "2023.09.30"]
[SourceQuality "1"]

1. d4 Nf6 2. c4 g6 3. Nc3 Bg7 4. Bf4 d6 5. e3 0-0 6. h3 Nbd7 7. Nf3 c6 8. Be2 Re8 9. 0-0 Qa5 10. a3 e5 11. b4 Qc7 12. dxe5 dxe5 13. Bh2 Nf8 14. Qc2 Bf5 15. e4 Bc8 16. Rfd1 Nh5 17. c5 Nf4 18. Bc4 Be6 19. Bxe6 N8xe6 20. Rd6 Bf8 21. Rd2 Rad8 22. Rad1 Bg7 23. Rd6 Rxd6 24. Rxd6 Rd8 25. Rxd8+ Qxd8 26. Qd2 Qxd2 27. Nxd2 Nd3 28. Nc4 Bf8 29. Nxe5 Ndf4 30. Nd7 Bg7 31. Nd1 Ne2+ 32. Kf1 N2d4 33. Be5 Nc2 34. Bxg7 0-1

[Event "POL-ch U16"]
[Site "Jastrzebia Gora"]
[Date "2023.??.??"]
[Round "1"]
[White "Fiszer, Bartosz"]
[Black "Borowik, Wojciech"]
[Result "1-0"]
[WhiteElo "2232"]
[BlackElo "1890"]
[PlyCount "69"]
[EventDate "2023.03.11"]
[EventType "swiss"]
[EventRounds "9"]
[EventCountry "POL"]
[SourceTitle "CBM 213 Extra"]
[Source "ChessBase"]
[SourceDate "2023.05.31"]
[SourceVersion "1"]
[SourceVersionDate "2023.05.31"]
[SourceQuality "1"]

1. e4 c5 2. Nf3 g6 3. d4 cxd4 4. Nxd4 Nc6 5. c4 Nf6 6. Nc3 Nxd4 7. Qxd4 d6 8. Be2 Bg7 9. Be3 0-0 10. Qd2 a5 11. f3 a4 12. Kf2 Be6 13. Rac1 Nd7 14. Rhd1 Nc5 15. Nb5 Qa5 16. Qxa5 Rxa5 17. Bd4 Rc8 18. Bxg7 Kxg7 19. Ke3 Bd7 20. f4 Bc6 21. Nc3 Ra6 22. g3 Rb6 23. Rc2 Rb4 24. Rd4 Rb8 25. e5 dxe5 26. fxe5 e6 27. Rd6 Kf8 28. Kd4 Nd7 29. Rxd7 Bxd7 30. Kc5 Rxc4+ 31. Bxc4 Ke7 32. Kb4 Rc8 33. Nxa4 b5 34. Nb6 Rb8 35. Nxd7 1-0

[Event "POL-ch U16"]
[Site "Jastrzebia Gora"]
[Date "2023.??.??"]
[Round "3"]
[White "Fiszer, Bartosz"]
[Black "Ptaszynski, Szymon"]
[Result "1-0"]
[WhiteElo "2232"]
[BlackElo "1764"]
[PlyCount "69"]
[EventDate "2023.03.11"]
[EventType "swiss"]
[EventRounds "9"]
[EventCountry "POL"]
[SourceTitle "CBM 213 Extra"]
[Source "ChessBase"]
[SourceDate "2023.05.31"]
[SourceVersion "1"]
[SourceVersionDate "2023.05.31"]
[SourceQuality "1"]

1. e4 e5 2. Nf3 Nf6 3. Nxe5 d6 4. Nf3 Nxe4 5. c4 Nc6 6. d3 Nf6 7. d4 Be7 8. d5 Ne5 9. Nxe5 dxe5 10. Nc3 c6 11. Bd3 Bb4 12. 0-0 Bxc3 13. bxc3 cxd5 14. Ba3 dxc4 15. Qa4+ Bd7 16. Qxc4 Qa5 17. Qb3 Bc6 18. Bc4 Nd5 19. Bb4 Nxb4 20. Bxf7+ Kf8 21. cxb4 Qa4 22. Rfe1 Qxb3 23. Bxb3 Re8 24. Rac1 g6 25. Rc5 a6 26. a4 Kg7 27. b5 axb5 28. axb5 Bd7 29. Rc7 Re7 30. Rd1 Rd8 31. b6 Kf8 32. Ba4 Ke8 33. Rxb7 Bxa4 34. Rxd8+ Kxd8 35. Rxe7 1-0